LEADER 00815nam0-22003011i-450- 001 990005257020403321 005 20060202124313.0 010 $a0-7139-0500-x 035 $a000525702 035 $aFED01000525702 035 $a(Aleph)000525702FED01 035 $a000525702 100 $a19990604d1974----km-y0itay50------ba 101 0 $aeng 105 $aaf------00--- 200 1 $aAlexander the Great$fRobin Lane Fox 210 $aLondon$cAllen Lane$d1974 215 $a568 p, 16 tav.$cill.$d24 cm 225 1 $aPenguin books 676 $a938.07092$v21$zita 700 1$aLane Fox,$bRobin$0141988 801 0$aIT$bUNINA$gRICA$2UNIMARC 901 $aBK 912 $a990005257020403321 952 $a938.07 LAN 1$bANT.GR. 2616$fFLFBC 959 $aFLFBC 996 $aAlexander the Great$949752 997 $aUNINA LEADER 01507nlm0 22004211i 450 001 990009248990403321 010 $a9783540499916 035 $a000924899 035 $aFED01000924899 035 $a(Aleph)000924899FED01 035 $a000924899 100 $a20100926d2006----km-y0itay50------ba 101 0 $aeng 102 $aDE 135 $adrnn-008mamaa 200 1 $aPrinciples of Distributed Systems$bRisorsa elettronica$e10th International Conference, OPODIS 2006, Bordeaux, France, December 12-15, 2006. Proceedings$fedited by Mariam Momenzadeh Alexander A. Shvartsman 210 $aBerlin ; Heidelberg$cSpringer$d2006 225 1 $aLecture Notes in Computer Science$x0302-9743$v4305 230 $aDocumento elettronico 336 $aTesto 337 $aFormato html, pdf 702 1$aShvartsman,$bMariam Momenzadeh Alexander A. 801 0$aIT$bUNINA$gREICAT$2UNIMARC 856 4 $zFull text per gli utenti Federico II$uhttp://dx.doi.org/10.1007/11945529 901 $aEB 912 $a990009248990403321 961 $aComputer Communication Networks 961 $aComputer Communication Networks 961 $aComputer science 961 $aComputer Science 961 $aOperating Systems 961 $aOperating systems (Computers) 961 $aProgramming Techniques 961 $aSoftware engineering 961 $aSoftware Engineering 961 $aSpecial Purpose and Application-Based Systems 996 $aPrinciples of Distributed Systems$9772112 997 $aUNINA LEADER 00930nam0-22002771i-450- 001 990005032740403321 005 20060523121207.0 035 $a000503274 035 $aFED01000503274 035 $a(Aleph)000503274FED01 035 $a000503274 100 $a19990604g19679999km-y0itay50------ba 101 0 $aita 105 $af---e---00--- 200 1 $aQuattro miscellanee medioevali e umanistiche$eContributo alla tradizione del Geta degli Auctores octo dei Libri minores e di altra letteratura scolastica medioevale$fRino Avesani 210 $aRoma$cEd. di Storia e Letteratura$d1967. 215 $a113 p., [1] c. di tav.$d25 cm 225 1 $aNote e discussioni erudite$v11 700 1$aAvesani,$bRino$0172396 801 0$aIT$bUNINA$gRICA$2UNIMARC 901 $aBK 912 $a990005032740403321 952 $aXQ 2$fFLFBC 959 $aFLFBC 996 $aQuattro miscellanee medioevali e umanistiche$9311223 997 $aUNINA